000 00603cam a2200181 4500
001 WB3532-21
008 000000n1999 000 0 eng u
035 _a(Sirsi) u102556
245 _aGilts wear thin.
260 _c1999
490 _aFinancial Times
_v20 August 199, 12(2)
520 _aPension funds and life assurance companies are concerned about the reduction in the number of bonds (gilts) which are currently being issued by the government.
650 _aPENSION FUNDS
650 _aGILTS
650 _aFUND MANAGERS
690 _aPROPERTY-PROPERTY FINANCE AND INVESTMENT
942 _n0
999 _c61562
_d61562